GUESS THE PLAYER WITH HIGHEST RATING IN FC 26 (COUNTRY) - LETTER A - Statistics

General Stats
  • This quiz has been taken 8 times
  • The average score is 3 of 11
Answer Stats
country player overall % Correct
Argentina 🇦🇷 lautaro martinez 88
88%
Algeria🇩🇿 riyad mahrez 84
75%
Andorra🇦🇩 iker alvarez 67
63%
Armenia🇦🇲 henrikh mkhitaryan 83
38%
Australia🇦🇺 jackson irvine 75
13%
Austria🇦🇹 konrad laimer 82
13%
Albania🇦🇱 berat djimsti 79
0%
Angola🇦🇴 clinton mata 77
0%
Azerbaijan🇦🇿 shahruddin magomedaliyev 70
0%
Antigua and Barbuda🇦🇬 luther james-wildin 65
0%
Afghanistan🇦🇫 maziar kouhyar 60
0%
No matching quizzes found
Score Distribution
Percent of People with Each Score
Percentile by Number Answered
Your Score History
You have not taken this quiz